| 000 | 01241cam a22003734i 4500 | ||
|---|---|---|---|
| 003 | PE-LiUPU | ||
| 005 | 20250731175627.0 | ||
| 008 | 190715s1991 ilua r 000 0 eng d | ||
| 035 | _a(Sirsi) a252299 | ||
| 040 |
_aPE-LiUPU _bspa _cPE-LiUPU _erda |
||
| 049 | _aPRUA | ||
| 082 | 0 | 4 |
_a423.1 _bW84 _221 |
| 100 | 1 |
_aErtel, James, _eautor. |
|
| 245 | 1 | 4 |
_aThe my fun with words dictionary / _cJames Ertel. |
| 264 | 1 |
_aNashville : _bRecycled paper, _c1991. |
|
| 300 |
_a191 páginas : _bilustraciones ; _c28 centímetros |
||
| 336 |
_atext _2rdacontent |
||
| 337 |
_aunmediated _2rdamedia |
||
| 338 |
_avolume _2rdacarrier |
||
| 505 | 0 | _aThe my fun with words dictionary. | |
| 526 | _aP145 | ||
| 526 | _aP127 | ||
| 526 | _aP97 | ||
| 526 | _aP35 | ||
| 526 | _aP14 | ||
| 526 | _aP07 | ||
| 650 | 0 | 4 | _awords dictionary. |
| 910 |
_adbm _bksl _cksl _d20190715 |
||
| 942 |
_2ddc _cBOOK |
||
| 994 |
_aC0 _bPEPRU |
||
| 596 | _a1 | ||
| 999 |
_a423.1 W84 _wDEWEY _c31527 _i80285 _f2021-11-8 _g3 _lCCODEBUL1 _mBUL _p30.00 _r0 _sY _tBOOK _u2019-7-15 _xEDUCACION _PP20 _0DONACION _o.STAFF. Colección Ciencias Humanas y Educación _d31527 |
||
| 980 |
_81 _gALBERTO SANCHEZ Responsable de Automatización |
||